| 000 | 00785nam a2200217 u 4500 | ||
|---|---|---|---|
| 001 | 000157006 | ||
| 003 | AM-YeHGA | ||
| 005 | 20250617123207.0 | ||
| 008 | 980602s1982 ru |||||||||||||||||rus d | ||
| 040 | _aAM-YeHGA | ||
| 041 | 0 | _arus | |
| 245 | 0 | 0 |
_aПроблемы развития умений иноязычной устной речи : _bСборник научных трудов / _cРедкол.: П.Б. Гурвич и др. |
| 260 |
_aВладимир : _bБ. и., _c1982. |
||
| 300 | _a185 с. | ||
| 650 | 1 | 4 | _aИностранные языки |
| 650 | 1 | 4 | _aМетодика преподавания |
| 700 | 1 |
_aГурвич, Перси Борисович _eред. _4edt |
|
| 700 | 1 |
_aСмелякова, Л.П. _eред. _4edt |
|
| 942 |
_2udc _cBK |
||
| 090 | _c54309 | ||
| 999 |
_c53481 _d53481 |
||